Capitales Civilization VI - Mort subite - Statistiques

Statistiques générales
  • Ce quiz a été pris 324 fois
  • Le résultat moyen est 4 sur 16
Answers on the Grid
Answers color-coded by a green-red scale on the quiz's grid according to % correct below.
Paris
Londres
New York
Lyon
Berlin
Munich
Istanbul
Constantinople
Rome
Jérusalem
Bagdad
Babylone
Pékin
Tokyo
Le Caire
Rio de Janeiro
Brasilia
Sydney
Canberra
Ottawa
Moscou
Damas
Madrid
Vienne
Varsovie
Cracovie
Kiev
Oslo
Riga
Stockholm
 
Statistiques - réponses
Réponse % Correct
Rome
42%
Paris
36%
Londres
33%
Madrid
31%
Le Caire
27%
Ottawa
24%
Constantinople
23%
Stockholm
23%
Tokyo
21%
Babylone
20%
Rio de Janeiro
20%
Canberra
17%
Pékin
17%
Istanbul
16%
Munich
12%
Cracovie
8%
Aucun quiz correspondant
Distribution des résultats
% des personnes avec chaque résultat
Percentile par nombre de réponses
Votre historique - résultats
Vous n’avez pas pris ce quiz